AAC - Statistiques

Statistiques générales
  • Ce quiz a été pris 5 fois
  • Le résultat moyen est 18 sur 35
Statistiques - réponses
Hint Réponse % Correct
Qui arrive en premier(e) sur le plateau, dès 8h ? Melody
100%
Qui ne sait pas tenir en place et ne fait que se déplacer à droite à gauche ? Timothée
75%
A quel étage se trouve la cafétéria ? 0
50%
Cite moi un numéro de téléphone faisant partis de l'AAC en appel : 0977403313/0977403314/0948030324/0977403321/0948030325
50%
Dans une journée, combien de minutes a-t-on le droit de prendre pour une pause ? 45 minutes
50%
Sur quelle application, on fait des bilans macros ou complets ? AGAAC
50%
Qui durant ces 2 mois d'été a collectionné les madeleines de la machine à café ? Alexandre
50%
Qui est un accro au sport, surtout de la course à pied ? Alexandre
50%
Qui est revenu(e) de vacances en dernier cette semaine ? Atika
50%
Qui part au Japon l'année prochaine ? Céline
50%
Qui s'est marié cette année à un certain Flavien ? Elodie
50%
A part, en pause, prêt, déjeuner ou administratif, quels autres statuts sont disponibles sur WOX ? Formation/Coaching/AfterCallWork/Réunion/Expert Tuteur
50%
Comment s'appelle l'université du groupe Crédit Agricole qui envoyaient les formations obligatoires à faire ? ifcam
50%
Que doit-on faire sur One lorsqu'un client marqué en X prend RDV Bilan, pour ne pas qu'il soit rappelé ? IMX
50%
Cite moi un grand chef de notre étage : Jérôme/Virginie
50%
Qui a débuté ses appels en ayant des plaques rouges à force du stress ? Klara
50%
Qui a un père et un petit-ami fans de crevettes, de poissons et d’aquarium ? Livia
50%
Qui a fait ses études au Maroc ? Loubna
50%
Qui est le sosie de François Damiens Marc
50%
Quel jour a lieu le café digit ? Mardi
50%
Après chaque appel, à part le qualifier, que doit-on obligatoirement faire quelque soit le motif de l'appel ? Memento
50%
Qui enchaîne entre le rap, la boxe et l'accompagnement client ? Mokitani
50%
Qui a eu beaucoup de problèmes de connexions et de bug ? Sabrina C
50%
Qui valide les congés sur un tableau ? Sabrina F
50%
Avec qui, Samira a-t-elle présenté le jeu Dilemme avec les auxiliaires ? Sabrina O
50%
Habituellement, qui prépare et fait la météo des chiffres ? Samira
50%
Qui est parti en vacances en Italie ? Serena
50%
A quel service, le numéro de téléphone 09.74.502.504, fait-il référence ? Service Client
50%
A quel service, le numéro de téléphone 09.77.502.504, fait-il référence ? Service Commercial
50%
A quel service, le numéro de téléphone 09.77.40.33.11, fait-il référence ? Service Recouvrement
50%
Quel est le service voisin de l'AAC où on peut retrouver Titi et Stéphanie ? Service Surendettement
50%
Qui a gagné le challenge des auxiliaires vacances ? Siam
50%
Qui a une fille qui s'appelle Charlie ? Sophie
50%
Qui s'occupe du service consolidation ? Sylvie
50%
Lorsqu'on fait patienter un client, quel groupe de musique français joue la musique “Je rêvais d’un autre monde” que celui-ci entends ? Téléphone
50%
Aucun quiz correspondant
Distribution des résultats
% des personnes avec chaque résultat
Percentile par nombre de réponses
Votre historique - résultats
Vous n’avez pas pris ce quiz